Professional English in Use Medicine

Opis bibliograficzny
1. autor: Glendinning E. H. Eric
Kolejni autorzy: Howard R. Ron
Streszczenie:Professional English in Use Medicine contains 60 units covering a wide variety of medical vocabulary. Topics include diseases and symptoms, investigations, treatment, examining and prevention. The book also introduces general medical vocabulary related to parts and functions of the body, medical and para-medical personnel, education and training, research, and presentations. Primarily designed as a self-study reference and practice book, it can also be used for classroom work and one-to-one lessons. Professional English in Use Medicine has been carefully researched using the Institute for Applied Language Studies medical corpus, as well as authentic texts, documents and cases. Professional English in Use Medicine is a must for teachers of medical English and for medical practitioners who need to use English at work, either in their own country or abroad.
Język:angielski
Wydane: Cambridge, Cambridge University Press, 2010
Wydanie:4 ed.
Seria:Cambridge
Hasła przedmiotowe:
Format: Książka
KOHA link:https://koha.lib.tpu.ru/cgi-bin/koha/opac-detail.pl?biblionumber=195352

MARC

LEADER 00000nam0a2200000 4500
001 195352
005 20231101224626.0
010 |a 9780521682015 
035 |a (RuTPU)RU\TPU\book\213096 
035 |a RU\TPU\book\210288 
090 |a 195352 
100 |a 20110506d2010 m y0engy50 ba 
101 0 |a eng 
102 |a GB 
105 |a a j 001zy 
200 1 |a Professional English in Use Medicine  |f E. H. Glendinning, R. Howard 
205 |a 4 ed. 
210 |a Cambridge  |c Cambridge University Press  |d 2010 
215 |a 175 p.  |c il. 
225 1 |a Cambridge 
320 |a Index: p. 168-175. 
330 |a Professional English in Use Medicine contains 60 units covering a wide variety of medical vocabulary. Topics include diseases and symptoms, investigations, treatment, examining and prevention. The book also introduces general medical vocabulary related to parts and functions of the body, medical and para-medical personnel, education and training, research, and presentations. Primarily designed as a self-study reference and practice book, it can also be used for classroom work and one-to-one lessons. Professional English in Use Medicine has been carefully researched using the Institute for Applied Language Studies medical corpus, as well as authentic texts, documents and cases. Professional English in Use Medicine is a must for teachers of medical English and for medical practitioners who need to use English at work, either in their own country or abroad. 
606 1 |a Английский язык  |x Учебные руководства и пособия  |x Учебные руководства и пособия для высшей школы  |2 stltpush  |3 (RuTPU)RU\TPU\subj\29071  |9 52483 
610 1 |a лексика 
610 1 |a грамматика 
610 1 |a разговорная речь 
610 1 |a разговорная лексика 
610 1 |a упражнения 
610 1 |a профессиональный английский язык 
610 1 |a медицина 
686 |a Ш143.21-923  |v LBC/SL-A  |2 rubbk 
700 1 |a Glendinning  |b E. H.  |g Eric 
701 1 |a Howard  |b R.  |g Ron 
801 1 |a RU  |b 63413507  |c 20110310 
801 2 |a RU  |b 63413507  |c 20170619  |g RCR 
942 |c BK